书目信息 |
| 题名: |
TCP/IP, Java篇
|
|
| 作者: | 小高知宏 著 ;牛连强 , 刘本伟 译 | |
| 分册: | ||
| 出版信息: | 北京 科学出版社 2003 |
|
| 页数: | 14,372页 | |
| 开本: | 26cm | |
| 丛书名: | ||
| 单 册: | ||
| 中图分类: | TP312JA , TN915.04 | |
| 科图分类: | ||
| 主题词: | 互联网络--JAVA语言--程序设计 , 互联网络 , 互联网络--协议(计算机) , JAVA语言 , 程序设计 , 协议(计算机) | |
| 电子资源: | ||
| ISBN: | 7-03-011206-7 | |
| 000 | 01207nam0 2200337 450 | |
| 000 | 01214nam0 2200337 450 | |
| 000 | 01143nam0 2200313 450 | |
| 000 | 01106nam0 2200301 45 | |
| 005 | 20070525152626.25 | |
| 010 | @a7-03-011206-7@dCNY43.00 | |
| 100 | @a20070419d2003 em y0chiy0120 ea | |
| 101 | 1 | @achi@cjpn |
| 102 | @aCN@b110000 | |
| 105 | @ay z 000yy | |
| 200 | 1 | @aTCP/IP, Java篇@ATCP/IP, Java Pian@f(日)小高知宏著@F( Ri ) Xiao Gao Zhi Hong Zhu@g牛连强,刘本伟译 |
| 210 | @a北京@c科学出版社@d2003 | |
| 215 | @a14,372页@d26cm | |
| 330 | @a本书是“TCP/IP系列”之一。书中从网络程序设计原理及相关基础知识入手,通过用Java语言描述的大量的示例程序介绍Java网络程序设计、Telnet和FTP、电子函件编程、网络游戏编程、网络聊天系统编程,以及利用JavaRMI进行网络编程等。 | |
| 606 | 0 | @a互联网络@xJAVA语言@x程序设计 |
| 606 | 0 | @a互联网络 |
| 606 | 0 | @a互联网络@x协议(计算机) |
| 606 | 0 | @aJAVA语言 |
| 606 | 0 | @a程序设计 |
| 606 | 0 | @a协议(计算机) |
| 690 | @aTP312JA@v4 | |
| 690 | @aTN915.04@v4 | |
| 701 | 0 | @c(日)@a小高知宏@AXiao Gao Zhi Hong@4著 |
| 702 | 0 | @a牛连强@ANiu Lian Qiang@4译 |
| 702 | 0 | @a刘本伟@ALiu Ben Wei@4译 |
| 801 | 0 | @aCN@bTAOJIN@c20070525 |
| 905 | @a10447@dTN915.04@e74 | |
| TCP/IP, Java篇/(日)小高知宏著/牛连强,刘本伟译.-北京:科学出版社,2003 |
| 14,372页;26cm |
| ISBN 7-03-011206-7:CNY43.00 |
| 本书是“TCP/IP系列”之一。书中从网络程序设计原理及相关基础知识入手,通过用Java语言描述的大量的示例程序介绍Java网络程序设计、Telnet和FTP、电子函件编程、网络游戏编程、网络聊天系统编程,以及利用JavaRMI进行网络编程等。 |
| ● |
| 相关链接 |
|
|
|
|
正题名:TCP/IP, Java篇
索取号:TN915.04/74
 
预约/预借
| 序号 | 登录号 | 条形码 | 馆藏地/架位号 | 状态 | 备注 |
| 1 | 0522759 | 205227592 | 第二样本阅览室/ [索取号:TN915.04/74] | 在馆 | |
| 2 | 0522760 | 205227609 | 第三借阅区/ [索取号:TN915.04/74] | 在馆 | |
| 3 | 0522761 | 205227618 | 第三借阅区/ [索取号:TN915.04/74] | 在馆 | |
| 4 | 0522762 | 205227627 | 第三借阅区/ [索取号:TN915.04/74] | 在馆 |